Quess city by landmark - Statistics

General Stats
  • This quiz has been taken 38 times
  • The average score is 10 of 21
Answer Stats
Picture Answer % Correct
New York
97%
Paris
97%
London
85%
Los Angeles
79%
Moscow
79%
Pisa
76%
Cairo
74%
Istanbul
74%
Rio de Janeiro
68%
Barcelona
56%
Milan
44%
Reykjavik
41%
Jerusalem
35%
Helsinki
32%
Stockholm
26%
Mexico City
24%
Taipei
18%
Algiers
6%
Ankara
6%
Kolkata
6%
Kaliningrad
3%
No matching quizzes found
Score Distribution
Percent of People with Each Score
Percentile by Number Answered
Your Score History
You have not taken this quiz